Normal view MARC view
  • Bilal Azam

Entry Personal Name

Number of records used in: 1

001 - CONTROL NUMBER

  • control field: 91604

003 - CONTROL NUMBER IDENTIFIER

  • control field: NUST

005 - DATE AND TIME OF LATEST TRANSACTION

  • control field: 20220516155740.0

008 - FIXED-LENGTH DATA ELEMENTS

  • fixed length control field: 220516|| aca||aabn | a|a d

040 ## - CATALOGING SOURCE

  • Original cataloging agency: NUST
  • Transcribing agency: NUST

100 ## - HEADING--PERSONAL NAME

  • Personal name: Bilal Azam

670 ## - SOURCE DATA FOUND

  • Source citation: Work cat.: (NUST)10049: Muhammad Awais 51909, Application of layered structure (coding) to MC-CDMA systems, 2009.
© 2023 Central Library, National University of Sciences and Technology. All Rights Reserved.